Bankmanagement

Na minha lista:
Detalhes bibliográficos
Autor principal: Süchting, Joachim
Formato: Livro
Idioma:alemão
Publicado em: Stuttgart Schäffer-Poeschel 1992
Edição:3. vollst. überarb. und erw. Aufl.
Assuntos:
Tags: Adicionar Tag
Sem tags, seja o primeiro a adicionar uma tag!

MARC

LEADER 00000nam a2200000 4500
001 c011400
005 20221206084643.1
020 |a 3-7910-0596-0 
041 0 |a ger 
044 |a DE 
245 1 0 |a Bankmanagement  |c Joachim Süchting 
250 |a 3. vollst. überarb. und erw. Aufl. 
264 1 |a Stuttgart  |b Schäffer-Poeschel  |c 1992 
300 |a 524 s. 
610 2 0 |a banky 
610 2 0 |a bankovníctvo 
610 2 0 |a manažment 
610 2 0 |a plánovanie strategické 
610 2 0 |a účtovníctvo 
610 2 0 |a marketing 
610 2 0 |a politika podniková 
610 2 0 |a konkurencia 
610 2 0 |a rozhodovanie podnikové 
610 2 0 |a Nemecko 
100 1 |a Süchting, Joachim